000 00667nam a2200181Ia 4500
005 20250423094330.0
008 250422s9999 xx 000 0 und d
020 _a9789789356485
050 _aSB 87.N59 .A88/
100 _aAsumugha, G. N.
245 0 _aAdopted village concept: a model for agro raw materials processing cluster development in Niger
260 _aAbuja
260 _bRaw Materials Research and Development Council
260 _c2013
300 _a193 p
650 _a Crops--Nigeria. Plant products--Nigeria. Raw materials--Nigeria. Agricultural processing--Nigeria. Agriculture--Economic aspects--Nigeria.
942 _cBK
999 _c26931
_d26931